zpět

Detail výsledku týmu

Záložna ST, Pardubice

Datum a čas kvízu

12 Celkem bodů Celkový počet nahraných bodů na tomto kvízu bez doplňovacích otázek.
15. Pořadí na kvízu Konečné umístění týmu na tomto kvízu.

Zaznamenané odpovědi

# Otázka Odpověď Body Výsledky
1. Že vánoční punk není mrtvý, má... Bruntál 0
2. Jeden ze členů britské královs... princ Andrew 1
3. Křišťálovou lupu za online vid... Honza Mikulka, Janek Rubeš 0
4. Gambrinus ve čtvrtek oznámil j... přestane stáčet pivo do plastových lahví 0
5. Trenérská legenda José Mourinh... Tottenham (Hotspur) 0
6. Toto téma minulý týden zvítězi... Vídeň, 1996 0
7. Nespočet hlášek má na svém kon... vycházky 0
8. Televize Nova a sportovní přen... Václav Tittelbach, Pavel Poulíček 0
9. Autorem mnoha legendárních hlá... Nemecký/Německý 0
10. Jak se nazývá švédské lyžařské... Åre 0